000 00234nam a2200097Ia 4500
008 220204s9999 xx 000 0 und d
100 _aChase, James Hadley
245 0 _aHotter than hell
260 _alondon
_bPanther
_c1978
942 _cBK
999 _c29531
_d29531